Statistiques concernant Villes de France par lettre - B (Carte Quiz)

Cliquez ici pour prendre le quiz!

Statistiques générales

  • Ce quiz a été pris 13 120 fois
  • Le résultat moyen est 14 sur 23

Réponses sur la Carte

Les réponses sont colorées sur une échelle allant du rouge au vert en fonction du pourcentage des utilisateurs qui les ont devinées à leur premier essai. Vous pouvez retrouver ces pourcentages ci-dessous.
 

Statistiques - réponses

Réponse% Correct
Brest
91%
Bastia
90%
Bordeaux
90%
Bayonne
84%
Boulogne-Billancourt
73%
Beauvais
71%
Belfort
70%
Béziers
70%
Bondy
69%
Boulogne-sur-Mer
69%
Basse-Terre
67%
Bourges
65%
Bourg-en-Bresse
61%
Brive-la-Gaillarde
59%
Briançon
51%
Béthune
50%
Baie-Mahault
49%
Bayeux
48%
Beaune
47%
Brignoles
43%
Bourgoin-Jailleu
38%
Bressuire
33%
Bruz
31%

Distribution des résultats

Percentile par nombre de réponses

% des personnes avec chaque résultat

Votre développement - résultats

Vous n’avez pas pris ce quiz